| 000 | nam a22 7a 4500 | ||
|---|---|---|---|
| 999 |
_c5167 _d5167 |
||
| 005 | 20181002012642.0 | ||
| 008 | 180423b xxu||||| |||| 00| 0 eng d | ||
| 020 |
_a9786214060238 _bpaperback |
||
| 040 |
_beng _cAPEC Schools Library _erda |
||
| 082 |
_aF 320.9599 _bR477i 2015 |
||
| 100 | 1 |
_aRiodique, Francisco C. _cIII |
|
| 245 | 1 |
_aIntroduction to Philippine government & politics with basic constitutional principles / _cFrancisco C. Riodique, III and Gil D. Ramos. |
|
| 246 | _aIntroduction to Philippine government and politics with basic consitutional principles | ||
| 264 |
_aManila, PH : _bMindshapers, _c©2015. _d[2015]. |
||
| 300 |
_axiv, 458 pages ; _c23 cm |
||
| 336 |
_2rdacontent _atext |
||
| 337 |
_2rdamedia _aunmediated |
||
| 338 |
_2rdacarrier _avolume |
||
| 504 | _aIncludes bibliographical references. | ||
| 505 | 2 | _aThe Study of Government and Politics 1 -- The State 9 -- Concept of the Constitution 31 -- Amending the Fundamental Law 49 -- The Preamble to the 1987 Constitution 63 -- The National Territory 69 -- Principles and State Policies 81 -- The Inherent Powers of the State 95 -- The Bill of Rights 115 -- Citizenship 183 -- The Philippine Government 207 -- The Legislative Branch 219 -- The Executive 263 -- The Judiciary 301 -- The Independent Constitutional Commissions 327 -- Local Government Units 349 -- Accountability of Public Officers -- References 455 | |
| 650 |
_aLocal government _zPhilippines. |
||
| 651 |
_aPhilippines _xPolitics and goverment. |
||
| 700 | 1 |
_aRamos, Gil D. _eauthor. |
|
| 942 |
_2ddc _cBK |
||